Development betrayed : the end of progress and a coevolutionary revisioning of the future
Αποθηκεύτηκε σε:
| Κύριος συγγραφέας: | |
|---|---|
| Μορφή: | Βιβλίο |
| Γλώσσα: | English |
| Δημοσίευση: |
London :
Routledge,
1994
|
| Θέματα: | |
| Ετικέτες: |
Προσθήκη ετικέτας
Δεν υπάρχουν, Καταχωρήστε ετικέτα πρώτοι!
|
MARC
| LEADER | 00000nam a2200000 i 4500 | ||
|---|---|---|---|
| 001 | 1/95769 | ||
| 008 | 961122s1994 eng d | ||
| 020 | |a 0-415-06862-2 | ||
| 035 | |l 10009867 | ||
| 040 | |a GR-MY-UA |b gre |e aacr | ||
| 041 | 0 | |a eng | |
| 082 | 0 | |a 303.483 | |
| 100 | 1 | |a Norgaard, Richard B. | |
| 245 | 1 | 0 | |a Development betrayed : |b the end of progress and a coevolutionary revisioning of the future / |c Richard B. Norgaard |
| 260 | |a London : |b Routledge, |c 1994 | ||
| 300 | |a 280 p. | ||
| 504 | |a Includes bibliographical references and index | ||
| 650 | 0 | 0 | |a Economic development. |
| 650 | 0 | 0 | |a Economic development |x Environmental aspects. |
| 650 | 0 | 0 | |a Sustainable development. |
| 852 | |a INST |b LESVOS |e 19961122 |h 303.483 NOR |p 005100008915 |q 005100008915 |t BK |y 0 | ||
| 909 | |a Λ |b 037807 | ||
| 922 | |a 1ΕΛΗ |b 199411 |c 45/ΜΠΑΚΑΛΑΚΗ | ||
| 950 | |a 045-1994-09-01 | ||